The pride of place : local memories & political culture in nineteenth-century France

Αποθηκεύτηκε σε:
Λεπτομέρειες βιβλιογραφικής εγγραφής
Κύριος συγγραφέας: Gerson, Stephane
Μορφή: Βιβλίο
Γλώσσα:English
Δημοσίευση: Ithaca : Cornell University Press, 2003
Θέματα:
Ετικέτες: Προσθήκη ετικέτας
Δεν υπάρχουν, Καταχωρήστε ετικέτα πρώτοι!

MARC

LEADER 00000nam a2200000 i 4500
001 1/92073
008 080820s2003 eng d
020 |a 0-8014-4134-X 
035 |l 10099466 
040 |a GR-MY-UA  |b gre  |e aacr 
041 0 |a eng 
082 0 |a 306.2  |2 (22) 
100 1 |a Gerson, Stephane. 
245 1 4 |a The pride of place :  |b local memories & political culture in nineteenth-century France /  |c Stephane Gerson 
260 |a Ithaca :   |b Cornell University Press,   |c 2003 
300 |a xii, 324 σ.;  |b εικ., πίν., χάρτες ;  |c 25 εκ.  
504 |a Βιβλιογραφία: σ. 291-314 
504 |a Ευρετήριο: σ. 315-324 
650 0 0 |a Regionalism  |z France  |x History  |y 19th century. 
650 0 0 |a Politics and culture  |z France  |x History  |y 19th century. 
651 0 |a France  |x Cultural policy. 
852 |a INST  |b LESVOS  |e 20080820  |h 306.2 GER  |p 005100042788  |q 005100042788  |t BK  |y 0 
901 |a BIBL1-2008-2 
909 |a Λ  |b 145270 
922 |a 1ΕΛΗ  |b 200801  |c ΕΠΕΑΕΚ2/ΤΚΑ  |d ΕΛΕΥΘΕΡΟΥΔΑΚΗΣ 
970 |a ΧΑΤΖΗΜΙΧΑΗΛ  |b ΜΑΡΙΑ  |z 2008/08/20